Vista normal
Vista MARC
Entrada Materia (personas)
Número de registros utilizados en: 1
001 - CONTROL NUMBER
- control field: 77092
003 - CONTROL NUMBER IDENTIFIER
- control field: Co-BoUCM
005 - DATE AND TIME OF LATEST TRANSACTION
- control field: 20160510120155.0
008 - FIXED-LENGTH DATA ELEMENTS
- fixed length control field: 160510|| aca||aabn | a|a d
040 ## - CATALOGING SOURCE
- Original cataloging agency: Co-BoUCM
- Transcribing agency: Co-BoUCM
100 ## - HEADING--PERSONAL NAME
- Personal name: Abreu, Pedro de
- Dates associated with a name: active 1590-1613
670 ## - SOURCE DATA FOUND
- Source citation: Work cat.: (Co-BoUCM)68503: Abreu, Pedro de active 1590-1613, En las palabras de la Virgen Nuestra Señora, 1617